2005 Walter Williams Scholars Quiz Stats

 Plays Quiz not verified by Sporcle

Challenge
Share
Tweet
Embed
Score 0/43 Timer 07:00
0 Plays Today
% Correct
David Ubben
69.8%
Michael Ziman
68.9%
Andrew Carpenter
68.9%
Laura Evans
68.9%
Sara Luckow
65.1%
Brian Eason
63.2%
Adam Rux
62.3%
Alex Luft
62.3%
Ryan Spencer
62.3%
Brandon James Smith
61.3%
Kiernan Maletsky
60.4%
Jill Glavan
59.4%
Adam Bonefeste
59.4%
Ashley Smith
58.5%
Rebecca Delaney
56.6%
Luke Thompson
56.6%
Ben DeMeyer
56.6%
Abby Callard
55.7%
Danny Lawhon
55.7%
Phil Rapisardo
55.7%
Zach Noland
54.7%
Lauren Denigan
54.7%
% Correct
Matt Tarnawa
54.7%
Rebekah Heil
53.8%
Ali Bernero
53.8%
John Hendel
52.8%
James Curtis
51.9%
Jessica Huang
50%
Seth Graves
49.1%
Meghan Sundermeier
49.1%
Samantha Schaefer
49.1%
Pam Cohen
49.1%
Mike Keeline
49.1%
Lyndy Yossundharakul
49.1%
Karen Ostergren
48.1%
Julie Zykan
46.2%
Alyssa Stinson
44.3%
Ryan Winger
40.6%
Elizabeth King
40.6%
Robin Pestien
38.7%
Jake Stokes
35.8%
Laura Grossman
34.9%
Katie Nibarger
34.9%

You're not logged in!

Compare scores with friends on all Sporcle quizzes.
Join for Free
OR
Log In

You Might Also Like...

Show Comments

Extras

Top Quizzes Today


Score Distribution

Your Account Isn't Verified!

In order to create a playlist on Sporcle, you need to verify the email address you used during registration. Go to your Sporcle Settings to finish the process.

Report this User

Report this user for behavior that violates our Community Guidelines.

Details: